Trta subways in and around Tokyo
Salvato in:
| Natura: | Libro |
|---|---|
| Lingua: | Undetermined |
| Pubblicazione: |
Japan
1983
|
| Soggetti: | |
| Tags: |
Aggiungi Tag
Nessun Tag, puoi essere il primo ad aggiungerne! !
|
| Thư viện lưu trữ: | Trung tâm Học liệu Trường Đại học Cần Thơ |
|---|
| LEADER | 00369nam a2200145Ia 4500 | ||
|---|---|---|---|
| 001 | CTU_98450 | ||
| 008 | 210402s9999 xx 000 0 und d | ||
| 082 | |a 338.4 | ||
| 082 | |b T864 | ||
| 245 | 0 | |a Trta subways in and around Tokyo | |
| 260 | |a Japan | ||
| 260 | |c 1983 | ||
| 650 | |a Subways | ||
| 904 | |i Tuyến | ||
| 980 | |a Trung tâm Học liệu Trường Đại học Cần Thơ | ||